Andre the Giant's career opponents - Statistics

General Stats
  • This quiz has been taken 397 times
    15 since last reset
  • The average score is 60 of 111
Answer Stats
Answer % Correct
Big John Studd
100%
Hulk Hogan
100%
"Superfly" Jimmy Snuka
100%
Afa
83%
Antonio Inoki
83%
Bam Bam Bigelow
83%
Blackjack Mulligan
83%
Bret "Hitman" Hart
83%
Chavo Guerrero
83%
Don Muraco
83%
Dusty Rhodes
83%
Greg "The Hammer" Valentine
83%
Harley Race
83%
Ivan Koloff
83%
Jake "The Snake" Roberts
83%
Ken Patera
83%
King Kong Bundy
83%
Larry "The Axe" Hennig
83%
"Macho Man" Randy Savage
83%
Nikolai Volkoff
83%
Pat Patterson
83%
Ric Flair
83%
"Rowdy" Roddy Piper
83%
Sgt. Slaughter
83%
Sika
83%
Stan Hansen
83%
Terry Funk
83%
The Ultimate Warrior
83%
Tito Santana
83%
Tony Atlas
83%
Abdullah the Butcher
67%
Adrian Adonis
67%
Bill Watts
67%
"Cowboy" Bob Orton
67%
David Schultz
67%
Dick Murdoch
67%
Ernie Ladd
67%
George "The Animal" Steele
67%
"Hacksaw" Jim Duggan
67%
Jerry Valiant
67%
Jesse "The Body" Ventura
67%
Jimmy Valiant
67%
Johnny Valiant
67%
Kamala
67%
Killer Kahn
67%
Killer Kowalski
67%
Larry Zbyszko
67%
Mr. Fuji
67%
"Mr. Wonderful" Paul Orndorff
67%
Stan Stasiak
67%
"Superstar" Billy Graham
67%
The Iron Sheik
67%
Waldo Von Erich
67%
Akira Maeda
50%
Angelo Mosca
50%
Baron Von Raschke
50%
Bobby Duncum
50%
Bruiser Brody
50%
Hillbilly Jim
50%
"Iron" Mike Sharpe
50%
Jerry Blackwell
50%
Johnny Rodz
50%
Junkyard Dog
50%
Masa Saito
50%
Masked Superstar
50%
Moondog Rex
50%
One Man Gang
50%
Paul "Butcher" Vachon
50%
Peter Maivia
50%
Ray Stevens
50%
Riki Choshu
50%
The Sheik
50%
The Spoiler
50%
Tiger Chung Lee
50%
Tiger Jeet Singh
50%
Animal Hamaguchi
33%
Baron Mikel Scicluna
33%
Blackjack Lanza
33%
Buddy Rose
33%
Butch Reed
33%
Capt. Lou Albano
33%
Don Leo Jonathan
33%
El Canek
33%
Gene Kiniski
33%
John Tolos
33%
Kengo Kimura
33%
King Curtis Iaukea
33%
Nick Bockwinkel
33%
Otto Wanz
33%
Profesor Toru Tanaka
33%
Rusher Kimura
33%
Strong Kobayashi
33%
Swede Hanson
33%
Tatsumi Fujinami
33%
Bill Irwin
17%
Bugsy McGraw
17%
Chuck Wepner
17%
Jose Estrada
17%
Ox Baker
17%
Samula
17%
The Duke of Dorchester
17%
Tiger Toguchi
17%
Tony Garea
17%
Jos LeDuc
0%
Karl Kox
0%
Kendo Nagasaki
0%
Seiji Sakaguchi
0%
Spiros Arion
0%
Super Destroyer
0%
Super Strong Machine
0%
The Mongolian Stomper
0%
No matching quizzes found
Score Distribution
Percent of People with Each Score
Percentile by Number Answered
Your Score History
You have not taken this quiz since the last reset